MDQL
is popping MORE tags! Check the
thread
!
Quizzes
Events
Quiz Creation
Community
Videos
Private Events
Remove Ads
Sign In
Join for FREE
Feedback
Dark Mode
Quiz Categories
Sports
Geography
Music
Movies
Television
Just For Fun
Miscellaneous
History
Literature
Language
Science
Gaming
Entertainment
Religion
Holiday
For Kids
Quiz Lab
Recent
Popular Today
Quiz Kudos Today
Editor Picks
Curator Picks
Quizzes by...
Day
Popularity
Type
Ratings
Length
Year
Community
Subscriptions
Recent Discussions
Orange Saloon
Badges
Playlists
Quests
Create
Leaderboards
Showdown
Live 5
Trivia Bingo
Activity
Puzzle Library
Sporcle Events
Private Events
Virtual Trivia
Globe League
Become a Host
Pub Owners
SporcleCon
Opinionation
Our Games
Videos
Blog
Mobile Apps
Partnerships
Remove Ads and Go Orange
Feedback
Sports
Athletes
MLB
NBA
NHL
NFL
Soccer
Sports Teams
WWE
NCAA
Football
Premier League
Basketball
Baseball
Hockey
Golf
Tennis
Cricket
Rugby
Auto Racing
Olympics
World Cup
Sports
Athletes
MLB
NBA
NHL
NFL
Soccer
Sports Teams
WWE
NCAA
Football
Premier League
Basketball
Baseball
Hockey
Golf
Tennis
Cricket
Rugby
Auto Racing
Olympics
World Cup
Random Quiz
Search Sporcle
×
Quiz Lab
Quiz Lab
Sports
Derby
Type in answers that appear in a list
Type in answers that appear in a list
Classic
Best Score? Go Orange.
Epsom Derby Winners from 1970 onwards Stats
Can you name the Epsom Derby Winners from 1970 onwards?
By
Pearlyman
10m
40 Questions
177 Plays
177 Plays
177 Plays
Comments
Comments
Give Quiz Kudos
Give Quiz Kudos
-
- Ratings
hide this ad
Replay
Link that replays current quiz
Next Quiz
Link to next quiz in quiz playlist
You Got
0%
They Got
Avg Score
58%
Avg Friend Score
Upgrade to see
Score Distribution
Jump to the score distribution portion of the page
Score
0/40
Timer
10:00
0
Plays Today
Year
Horse
% Correct
1970
Nijinsky
84.1%
1981
Shergar
83.5%
2009
Sea The Stars
75%
1971
Mill Reef
73.3%
1977
The Minstrel
67.6%
1979
Troy
67.6%
1997
Benny The Dip
67.6%
1989
Nashwan
64.2%
1993
Commander In Chief
63.6%
2007
Authorized
63.6%
1991
Generous
63.1%
1995
Lammtarra
62.5%
1983
Teenoso
61.9%
1975
Grundy
61.4%
2001
Galileo
61.4%
1980
Henbit
60.8%
2003
Kris Kin
60.8%
2006
Sir Percy
60.8%
1986
Shahrastani
60.2%
1985
Slip Anchor
59.7%
Year
Horse
% Correct
1992
Dr Devious
56.8%
1972
Roberto
55.7%
1987
Reference Point
55.7%
2000
Sinndar
55.7%
1994
Erhaab
54.5%
1978
Shirley Heights
53.4%
1999
Oath
53.4%
1998
High Rise
52.8%
2002
High Chaparral
52.8%
2005
Motivator
52.8%
1982
Golden Fleece
51.7%
2008
New Approach
51.7%
2004
North Light
50%
1984
Secreto
47.2%
1990
Quest For Fame
46%
1996
Shaamit
44.9%
1974
Snow Knight
44.3%
1988
Kahyasi
42.6%
1973
Morston
39.8%
1976
Empery
39.2%
Quiz Playlist
Details
Report
Send in Message
Add To Playlist
Classic:
Type in answers that appear in a list
Quiz Source
Last Updated: Feb 16, 2017
Quiz Scoreboard
CHALLENGE
Sign Up to Join the Scoreboard
Show All
Scores
Hide
Comments
May contain spoilers
Recently Published
5x2 Blitz: Bands
by SL_Kpop136
Music
30s
Colored Red Africa Blitz
by spor1
Geography
30s
Find the 'City' Movie
by crazypaving
Movies
60s
More to Explore
Quiz From the Vault
Featured Blog Post
14 Easter Pick-up Lines to Find Eggs With
hide this ad
You Might Also Like...
Tags
1970s
Derby
epsom
Epsom Derby
horse
Jockey
Onward
Winner
Today's Top Quizzes in Sports
Browse Sports
hide this ad
Top Contributed Quizzes in Sports
1
Players with Multiple 50 Home Run Seasons
2
Les entraîneurs de l'OM et du PSG au 21e siècle
3
Criteria MLB: Left Handed Sluggers
4
2022 World Cup Stars
5
Les meilleurs buteurs des matchs entre le PSG et l’OM
6
Who Hit More Homers?
7
Les joueurs passés par le PSG et l'OM
8
NBA Logic Puzzle 2.0
9
Top 10 NHL Goal Scorers of All Time
10
MLB Players with Two .350 Batting Average Seasons
Explore More
Trending Topics
NBA
Harry Potter
Marvel
Crossword
Kpop
Anime
Disney
Song
Pokémon
Puzzle
NFL
Soccer
WWE
The Office
Country
hide this ad
More By:
Pearlyman
Quiz
Plays
Rating
Category
Featured
Created
BBC Overseas Sports Personalities
1,010
4.43
Sports
Nov 15, 2009
Crowded House Songs
780
4.00
Music
Nov 4, 2009
Grand National (Steeplechase) Winners
762
5.00
Sports
Oct 4, 2009
UK Champion Flat Jockeys
604
4.00
Sports
Nov 5, 2009
Grand National Runners-Up
407
5.00
Sports
Dec 23, 2009
Go to Creator's Profile
Score Distribution
Quiz Creator Spotlight
Pearlyman
Follow
Send a Message
Quizzes Created
-
Created Quiz Play Count
-
More By This Creator
Popular Quizzes Today
1
Colored Red Africa Blitz
2
Find the 'City' Movie
3
Find the US States - No Outlines Minefield
4
5x2 Blitz: Bands
5
The Countries of the World
6
Find the US States
7
US States
8
9x9 Crossword: Cartoon Network
More Sports Quizzes
Athletic Canadians
Curator's Pick
Trending Quizzes
Colored Red Europe Blitz I
Colored Red Europe Blitz II
Colored Red Africa Blitz II
Colored Red Europe Blitz III
Colored Red Africa Blitz III
Recently Updated
How Do You Spell That?
pecheneg
Godzilla Movies
pecheneg
Grab Bag: 4-10 Letters
pecheneg
2024 March Madness Bracket
pecheneg
Famous TV Couples
Peacemaker
Champions League XIs: Real Madrid
pecheneg
Largest US Cities 1790-2010
pecheneg
Rides in Walt Disney World
pecheneg
Most Oscar Losses (Acting)
pecheneg
Beyoncé Albums
pecheneg
Trending Topics
NBA
Kpop
Anime
Crossword
Disney
Marvel
Harry Potter
Soccer
Puzzle
Song
Pokémon
The Office
NFL
WWE
Country
Your Account Isn't Verified!
In order to create a playlist on Sporcle, you need to verify the email address you used during registration. Go to your
Sporcle Settings
to finish the process.
Report this User
Report this user for behavior that violates our
Community Guidelines
.
Details:
Send Report
Go to the Sporcle.com Mobile Site →
Comments